000 01351nam0a2200373 i 4500
001 RU\NLR\BIBL_A\010409769
005 20240921193042.0
010 _a9785906304476
_92000
021 _aRU
_b2014-31184
_91911
035 _a(NILC)RuMoRGB-006808851
035 _a(NLR Aleph) 010409769
090 _a9749832
_c9749832
100 _a20140627d2014 u y0rusy50 ca
101 0 _arus
102 _aRU
105 _aa|||z|||000yy
200 1 _aСемь чакр - семь ступеней к реализации
_eэнциклопедия Гималайской йоги Пайлота Бабы
_fСати Мата
205 _a2-е изд.
210 _aМосква
_cАмрита-Русь
_d2014
215 _a156, [4] с.
_cил.
_d20
300 _aНа обороте тит. л. авт.: Елена Тарасова (Сати Мата Джи)
600 0 _aПайлот Баба
_f1936-
606 1 _aЙога
_91123715
_3RU\NLR\AUTH\66125824
675 _a233-852.5
686 2 _aЭ331-4-340.2
700 0 _7ca
_8rus
_aСати Мата
_9127531
_3RU\NLR\AUTH\770127556
801 0 _aRU
_bRuMoRKP
_c20130819
_gRCR
801 2 _aRU
_bРГБ
_c20140423
_grcr
801 1 _aRU
_bRuMoRKP
_c20130819
_2rusmarc
942 _cBOOK
980 _aNBR